000 00424nam a2200181Ia 4500
005 20250423094523.0
008 250422s9999 xx 000 0 und d
020 _a9780124201521
050 _aQE 501 .M85/
100 _aMukherjee, Soumyajit
245 0 _aAtlas of structural geology
260 _aNew York
260 _bElsevier
260 _c2015
300 _a165 p
650 _aStructural Geology
942 _cBK
999 _c27482
_d27482